Sławne opery i ich twórcy. - Statystyki

Ogólne statystyki
  • Ten quiz został rozwiązany 60 razy
  • Średni wynik to 8 z 15
Statystyki odpowiedzi
Opera Rok premiery Kompozytor % Poprawnych
HalkaStraszny dwór 18581865 Stanisław Moniuszko
90%
Uprowadzenie z serajuWesele Figara
Czarodziejski flet
17821786 1791 Wolfgang Amadeusz Mozart
83%
Carmen 1875 Georges Bizet
80%
CyganeriaTosca Madame Butterfly 18961900 1904 Giacomo Puccini
78%
RigolettoTraviata Aida 18511853 1871 Giuseppe Verdi
71%
Eugeniusz OnieginDama pikowa 18791890 Piotr Czajkowski
66%
TannhauserLohengrin Tristan i Izolda 18451850 1865 Richard Wagner
61%
Fidelio 1805 Ludwig van Beethoven
54%
Król Roger 1926 Karol Szymanowski
51%
Cyrulik sewilskiWilhelm Tell 18161829 Gioacchino Rossini
44%
Miłość do trzech pomarańczyWojna i pokój 19211946 Siergiej Prokofjew
37%
SalomeElektra Kawaler z różą 19051909 1911 Richard Strauss
34%
Godzina hiszpańskaDziecko i czary 19111926 Maurice Ravel
24%
Wolny strzelec 1821 Carl Maria von Weber
22%
LunatyczkaNorma 18311831 Vincenzo Bellini
20%
Nie znaleziono quizów pasujących do podanych kryteriów
Rozkład punktacji
Procent ludzi z każdym wynikiem
Percentyl według liczby udzielonych odpowiedzi
Twoja historia wyników
Nie rozwiązałeś tego quizu